[Event "22nd European Teams"]
[Site "Batumi GEO"]
[Date "2019.10.31"]
[Round "7.5"]
[Board "3"]
[White "Guseinov, Gadir"]
[Black "Georgiadis, Nico"]
[Result "1-0"]
[WhiteTitle "GM"]
[BlackTitle "GM"]
[WhiteElo "2660"]
[BlackElo "2528"]
[WhiteTeam "Azerbaijan"]
[BlackTeam "Switzerland"]
[WhiteFideId "13401378"]
[BlackFideId "1300113"]
[EventDate "2019.10.24"]

1. e4 e5 2. Nf3 Nc6 3. Bb5 Nf6 4. O-O Nxe4 5. Re1 Nd6 6. Nxe5 Be7 7. Bf1 Nxe5 8.
Rxe5 O-O 9. d4 Bf6 10. Re1 Re8 11. Bf4 Rxe1 12. Qxe1 Ne8 13. Nc3 Bxd4 14. Nd5 d6
15. Bg5 f6 16. Bh4 g5 17. Qe4 Bxb2 18. Re1 Be5 19. f4 gxh4 20. fxe5 dxe5 21. Bd3
Bf5 22. Qxf5 Qxd5 23. Qxh7+ Kf8 24. Qh6+ Ke7 25. Qh7+ Kf8 26. Kh1 Rd8 27. Qh6+
Ke7 28. Qh7+ Kf8 29. Qxh4 Qg8 30. Qb4+ Nd6 31. Qc5 Qf7 32. Qxa7 e4 33. Bf1 b6
34. c4 Re8 35. c5 bxc5 36. Qxc5 Re5 37. Qc1 f5 38. a4 f4 39. Qc3 Rh5 40. Rb1 f3
41. g4 Rh6 42. Rb8+ Ne8 43. Qe3 Re6 44. a5 Qf6 45. Kg1 Qg7 46. g5 Re5 47. h4 Re7
48. Qf4+ Kg8 49. Qf6 e3 50. Bc4+ Kh8 51. Qxf3 Qa1+ 52. Kg2 1-0

[Event "22nd European Teams"]
[Site "Batumi GEO"]
[Date "2019.10.31"]
[Round "7.5"]
[Board "4"]
[White "Kurmann, Oliver"]
[Black "Safarli, Eltaj"]
[Result "0-1"]
[WhiteTitle "IM"]
[BlackTitle "GM"]
[WhiteElo "2420"]
[BlackElo "2593"]
[WhiteTeam "Switzerland"]
[BlackTeam "Azerbaijan"]
[WhiteFideId "1308173"]
[BlackFideId "13402129"]
[EventDate "2019.10.24"]

1. e4 c5 2. Nf3 Nc6 3. Nc3 e6 4. d4 cxd4 5. Nxd4 Nf6 6. Nxc6 bxc6 7. e5 Nd5 8.
Ne4 Bb7 9. Be2 c5 10. O-O Qc7 11. c4 Ne3 12. Bxe3 Bxe4 13. f4 Be7 14. Bf3 Bxf3
15. Qxf3 O-O 16. Bd2 f5 17. Bc3 Rab8 18. Rad1 Rf7 19. Rd3 Bf8 20. Rfd1 Qb7 21.
Kf2 Qc8 22. h3 Rb6 23. R1d2 g6 24. Qd1 Rb7 25. Qf3 Be7 26. g3 g5 27. Kg2 Rg7 28.
Kh2 h5 29. fxg5 Bxg5 30. Rg2 Rh7 31. Kg1 Rb8 32. Rd6 Kh8 33. a3 Be7 34. g4 hxg4
35. hxg4 Qf8 36. g5 Bxd6 37. exd6+ Kg8 38. Qf4 Rb3 39. Qe5 Rxc3 40. bxc3 Qb8 41.
Kf2 Rh3 0-1

[Event "22nd European Teams"]
[Site "Batumi GEO"]
[Date "2019.10.31"]
[Round "7.6"]
[Board "1"]
[White "Saric, Ivan"]
[Black "Rodshtein, Maxim"]
[Result "1-0"]
[WhiteTitle "GM"]
[BlackTitle "GM"]
[WhiteElo "2667"]
[BlackElo "2684"]
[WhiteTeam "Croatia"]
[BlackTeam "Israel"]
[WhiteFideId "14508150"]
[BlackFideId "2806851"]
[EventDate "2019.10.24"]

1. e4 e5 2. Nf3 Nc6 3. Bc4 Bc5 4. O-O Nf6 5. d3 d6 6. c3 a6 7. a4 Ba7 8. Re1 O-O
9. h3 Ne7 10. d4 Ng6 11. Nbd2 c6 12. Bf1 Re8 13. dxe5 Nxe5 14. a5 Bg4 15. Ra4
Bh5 16. Be2 Ned7 17. Bf1 Nc5 18. Rd4 Bxf3 19. Qxf3 d5 20. e5 Ncd7 21. Qf5 g6 22.
Qg5 Bxd4 23. cxd4 Nh5 24. Qh6 f6 25. Nf3 Qe7 26. Bd3 Qf8 27. Qd2 Ng7 28. h4 Re6
29. b3 Rae8 30. Bb2 Nh5 31. Bf1 fxe5 32. dxe5 Qf4 33. Qxf4 Nxf4 34. g3 Nh5 35.
Bh3 R6e7 36. Ba3 Nxe5 37. Kg2 1-0

[Event "22nd European Teams"]
[Site "Batumi GEO"]
[Date "2019.10.31"]
[Round "7.6"]
[Board "2"]
[White "Postny, Evgeny"]
[Black "Bosiocic, Marin"]
[Result "1/2-1/2"]
[WhiteTitle "GM"]
[BlackTitle "GM"]
[WhiteElo "2597"]
[BlackElo "2619"]
[WhiteTeam "Israel"]
[BlackTeam "Croatia"]
[WhiteFideId "2804344"]
[BlackFideId "14507927"]
[EventDate "2019.10.24"]

1. d4 Nf6 2. c4 e6 3. Nf3 d5 4. Nc3 Bb4 5. Bg5 h6 6. Bxf6 Qxf6 7. Qb3 c5 8. cxd5
exd5 9. dxc5 Bxc3+ 10. bxc3 O-O 11. Nd4 Be6 12. Qxb7 Nd7 13. g3 Rfb8 14. Qc7 Qg6
15. f3 Rc8 16. Qf4 Rxc5 17. Rc1 Rac8 18. Kf2 Nb6 19. Bg2 Bd7 20. h4 Na4 21. Rb1
Qa6 22. Rb8 Nxc3 23. Rxc8+ Rxc8 24. h5 Qxa2 25. Qd6 Qa4 26. e3 Bb5 27. Kg1 Re8
28. Qc5 Bc4 29. Kh2 Qd7 30. Ra1 Qe7 31. Qxa7 Qxe3 32. Qd7 Qe5 33. Bh3 Rb8 34.
Nf5 Na2 35. Rg1 Bd3 36. Qxd5 Rb2+ 37. Rg2 Rxg2+ 38. Kxg2 Qxd5 1/2-1/2

[Event "22nd European Teams"]
[Site "Batumi GEO"]
[Date "2019.10.31"]
[Round "7.6"]
[Board "3"]
[White "Brkic, Ante"]
[Black "Smirin, Ilia"]
[Result "1/2-1/2"]
[WhiteTitle "GM"]
[BlackTitle "GM"]
[WhiteElo "2600"]
[BlackElo "2599"]
[WhiteTeam "Croatia"]
[BlackTeam "Israel"]
[WhiteFideId "14506688"]
[BlackFideId "2801990"]
[EventDate "2019.10.24"]

1. e4 c5 2. Nf3 e6 3. d4 cxd4 4. Nxd4 Nc6 5. Nc3 Qc7 6. g3 a6 7. Bg2 Nge7 8. Be3
b5 9. f4 Bb7 10. Nb3 Nc8 11. a4 b4 12. Ne2 Nb6 13. Qd3 d5 14. Bxb6 Qxb6 15. exd5
Rd8 16. O-O-O Ne7 17. Qd4 Qxd4 18. Nexd4 Bxd5 19. Bxd5 Rxd5 20. Nf3 g6 21. Ne5
Bg7 22. Nd3 a5 23. Ndc5 O-O 24. Rxd5 Nxd5 25. Nxa5 Ra8 26. Nab3 Bf8 27. Re1 Bxc5
28. Nxc5 Ra5 29. Nd3 Rxa4 30. Kb1 Ra8 31. Re4 Rb8 32. Ka2 Kg7 33. Kb3 Kf6 34.
Rd4 h6 35. Nxb4 g5 36. Ka4 Ra8+ 37. Kb5 Rb8+ 38. Ka5 Ra8+ 39. Kb5 Rb8+ 40. Ka5
Ra8+ 1/2-1/2

[Event "22nd European Teams"]
[Site "Batumi GEO"]
[Date "2019.10.31"]
[Round "7.6"]
[Board "4"]
[White "Mikhalevski, Victor"]
[Black "Martinovic, Sasa"]
[Result "1/2-1/2"]
[WhiteTitle "GM"]
[BlackTitle "GM"]
[WhiteElo "2570"]
[BlackElo "2539"]
[WhiteTeam "Israel"]
[BlackTeam "Croatia"]
[WhiteFideId "2801914"]
[BlackFideId "14509792"]
[EventDate "2019.10.24"]

1. Nf3 d5 2. g3 g6 3. Bg2 Bg7 4. d4 Nf6 5. O-O O-O 6. c4 dxc4 7. Na3 c5 8. dxc5
c3 9. Nd4 Nfd7 10. bxc3 Nxc5 11. Rb1 Nba6 12. Nab5 Bd7 13. Bg5 h6 14. Be3 Qc8
15. Qc1 Kh7 16. Rd1 Bh3 17. Bh1 Rd8 18. c4 Rd7 19. Rb2 Qh8 20. Rbd2 Rad8 21. Qa3
Bf6 22. Qa5 b6 23. Qa3 Nb8 24. Qb2 Bf5 25. Qc1 Be4 26. f3 Bb7 27. Nb3 Nxb3 28.
axb3 a6 29. Nc7 Bb2 30. Qc2 Qe5 31. Kf2 Ba3 32. Nd5 Bc5 33. Bxc5 bxc5 34. f4 Qg7
35. Be4 e6 36. Nc3 Rxd2 37. Rxd2 Rxd2 38. Qxd2 f5 39. Bxb7 Qxb7 40. Qd1 Nd7 41.
Qd6 Nf6 42. h3 Qd7 43. Qxc5 g5 44. Ke1 Kg6 45. b4 Qb7 46. Qd6 Kf7 47. fxg5 hxg5
48. Kd2 Ne8 49. Qc5 Qb8 50. g4 fxg4 51. hxg4 Qf4+ 52. Kd3 Qxg4 53. Ne4 Qh3+ 54.
Kd2 Qb3 55. Nxg5+ Kg6 56. Ne4 Qb2+ 57. Kd3 Qb1+ 58. Ke3 Qc1+ 59. Kf3 Qh1+ 60.
Kf4 Qh2+ 61. Ke3 Qg1+ 62. Kd2 Qb1 63. Nc3 Qb2+ 64. Kd3 Qa3 65. Kc2 Nf6 66. Qb6
Kf7 67. e4 Ke7 68. e5 Nd7 69. Qd6+ Kd8 70. b5 Qxd6 71. exd6 axb5 72. Nxb5 Nc5
73. Kc3 Kd7 74. Kd4 Nb3+ 75. Ke5 Na5 76. Kd4 Kc6 77. Ke5 Nxc4+ 78. Kxe6 Nxd6 79.
Nxd6 1/2-1/2

[Event "22nd European Teams"]
[Site "Batumi GEO"]
[Date "2019.10.31"]
[Round "7.7"]
[Board "1"]
[White "Lagarde, Maxime"]
[Black "Papaioannou, Ioannis"]
[Result "1-0"]
[WhiteTitle "GM"]
[BlackTitle "GM"]
[WhiteElo "2657"]
[BlackElo "2645"]
[WhiteTeam "France"]
[BlackTeam "Greece"]
[WhiteFideId "662399"]
[BlackFideId "4201345"]
[EventDate "2019.10.24"]

1. e4 e5 2. Nf3 Nc6 3. c3 d5 4. Qa4 f6 5. d3 Ne7 6. Be2 Be6 7. O-O Qd7 8. Nbd2
Ng6 9. Rd1 Nf4 10. Bf1 g5 11. d4 g4 12. Ne1 Rg8 13. Bb5 a6 14. Nb3 O-O-O 15.
Bxf4 exf4 16. c4 dxc4 17. d5 Ne5 18. Nd4 Qxb5 19. Nxb5 Bd7 20. Na7+ Kb8 21. Nc6+ 1-0

[Event "22nd European Teams"]
[Site "Batumi GEO"]
[Date "2019.10.31"]
[Round "7.7"]
[Board "2"]
[White "Mastrovasilis, Dimitrios"]
[Black "Maurizzi, Marc Andria"]
[Result "1-0"]
[WhiteTitle "GM"]
[BlackTitle "FM"]
[WhiteElo "2596"]
[BlackElo "2415"]
[WhiteTeam "Greece"]
[BlackTeam "France"]
[WhiteFideId "4202694"]
[BlackFideId "36083534"]
[EventDate "2019.10.24"]

1. c4 b6 2. Nc3 Bb7 3. e4 e5 4. Nf3 Nc6 5. Be2 Bc5 6. O-O d6 7. a3 a5 8. Rb1
Nge7 9. d3 O-O 10. Bd2 Qd7 11. Nb5 a4 12. Nc3 Nd4 13. Nxd4 Bxd4 14. Be3 f5 15.
Bxd4 exd4 16. Nd5 Rae8 17. Bh5 g6 18. Bf3 fxe4 19. Bxe4 Kg7 20. Nxe7 c6 21. Nxc6
Bxc6 22. Bxc6 Qxc6 23. Qg4 Qc5 24. Qd7+ Kg8 25. Rbe1 Re5 26. Qxa4 Rf7 27. Qa8+
Kg7 28. b4 Qc7 29. Rxe5 dxe5 30. Re1 Qd6 31. Qe4 Ra7 32. Ra1 Rf7 33. g3 Qf6 34.
Ra2 Qg5 35. Re2 Rf5 36. Kg2 h5 37. c5 bxc5 38. bxc5 Qc1 39. c6 h4 40. Qxh4 Qxc6+
41. Qe4 Qf6 42. a4 Qa6 43. Rb2 Kf6 44. Rb7 Ke6 45. Rg7 Qxa4 46. Rxg6+ Rf6 47.
Rg5 Rxf2+ 48. Kxf2 1-0

[Event "22nd European Teams"]
[Site "Batumi GEO"]
[Date "2019.10.31"]
[Round "7.7"]
[Board "3"]
[White "Bauer, Christian"]
[Black "Halkias, Stelios"]
[Result "1/2-1/2"]
[WhiteTitle "GM"]
[BlackTitle "GM"]
[WhiteElo "2606"]
[BlackElo "2530"]
[WhiteTeam "France"]
[BlackTeam "Greece"]
[WhiteFideId "603767"]
[BlackFideId "4201809"]
[EventDate "2019.10.24"]

1. e4 c5 2. Nf3 Nc6 3. Nc3 d6 4. d4 cxd4 5. Nxd4 e5 6. Nf3 h6 7. Bc4 Nf6 8. O-O
Be7 9. Re1 O-O 10. a3 Be6 11. Ba2 Rc8 12. Nd5 Nb8 13. c4 Nbd7 14. b4 Nb6 15. Qd3
Bg4 16. Nxb6 Qxb6 17. Nh4 Be6 18. Nf5 Qc7 19. Qg3 Bxf5 20. exf5 Kh8 21. Be3 a6
22. Qh3 Nh7 23. Rad1 b5 24. cxb5 axb5 25. Bb1 Bf6 26. Qf3 Qc3 27. Rc1 Qxa3 28.
Rxc8 Rxc8 29. Qb7 Qc3 30. Bd2 Qc7 31. Qxb5 Bg5 32. Bxg5 hxg5 33. Qd3 Nf6 34. Ba2
Kg8 1/2-1/2

[Event "22nd European Teams"]
[Site "Batumi GEO"]
[Date "2019.10.31"]
[Round "7.7"]
[Board "4"]
[White "Mastrovasilis, Athanasios"]
[Black "Gharamian, Tigran"]
[Result "1/2-1/2"]
[WhiteTitle "GM"]
[BlackTitle "GM"]
[WhiteElo "2521"]
[BlackElo "2590"]
[WhiteTeam "Greece"]
[BlackTeam "France"]
[WhiteFideId "4201990"]
[BlackFideId "13301527"]
[EventDate "2019.10.24"]

1. d4 Nf6 2. c4 e6 3. Nc3 Bb4 4. e3 O-O 5. Bd3 d5 6. Nf3 dxc4 7. Bxc4 c5 8. O-O
cxd4 9. exd4 b6 10. Bg5 Bb7 11. Re1 Nc6 12. a3 Be7 13. Ba2 h6 14. Bf4 Re8 15.
Qd2 Bd6 16. d5 Bxf4 17. Qxf4 exd5 18. Rxe8+ Qxe8 19. Nxd5 Nxd5 20. Bxd5 Nd8 21.
Re1 Qd7 22. Ba2 Bxf3 23. Qxf3 Rc8 24. g3 Ne6 25. Qf5 Re8 26. Re3 Re7 27. h4 Nc7
28. Qd3 Qxd3 29. Rxd3 g6 30. Kg2 Kg7 31. Kf3 Kf6 32. b4 Ne6 33. Bb3 Nc7 34. Re3
Nb5 35. Rxe7 Kxe7 36. Ke4 Nxa3 37. Kd5 Nb5 38. Bc4 Nd6 39. Ba6 Kd7 40. g4 g5 41.
h5 f6 42. f3 Nf7 43. Ke4 Ke7 44. Kf5 Ne5 45. b5 Kf7 46. Bb7 Nd3 47. Bd5+ 1/2-1/2

[Event "22nd European Teams"]
[Site "Batumi GEO"]
[Date "2019.10.31"]
[Round "7.8"]
[Board "3"]
[White "Kanep, Meelis"]
[Black "Piorun, Kacper"]
[Result "1/2-1/2"]
[WhiteTitle "GM"]
[BlackTitle "GM"]
[WhiteElo "2448"]
[BlackElo "2643"]
[WhiteTeam "Estonia"]
[BlackTeam "Poland"]
[WhiteFideId "4501047"]
[BlackFideId "1130420"]
[EventDate "2019.10.24"]

1. d4 Nf6 2. c4 e6 3. Nf3 d5 4. g3 Bb4+ 5. Nbd2 O-O 6. Bg2 b6 7. O-O Bb7 8. b3
Nbd7 9. Bb2 Be7 10. Ne5 c5 11. cxd5 exd5 12. Ndc4 cxd4 13. Bxd4 Nc5 14. Ne3 Ne6
15. Bb2 Bc5 16. Nf5 Re8 17. e3 Bf8 18. Ng4 Nxg4 19. Qxg4 g6 20. Nd4 Bg7 21. Nxe6
fxe6 22. Bxg7 Kxg7 23. Rac1 Qd6 24. e4 Rad8 25. exd5 Bxd5 26. Rfd1 Rd7 27. Rd2
Red8 28. Rcd1 Qe5 29. h4 Rd6 30. Qa4 R8d7 31. Bxd5 1/2-1/2

[Event "22nd European Teams"]
[Site "Batumi GEO"]
[Date "2019.10.31"]
[Round "7.8"]
[Board "4"]
[White "Dragun, Kamil"]
[Black "Sepp, Olav"]
[Result "1/2-1/2"]
[WhiteTitle "GM"]
[BlackTitle "IM"]
[WhiteElo "2584"]
[BlackElo "2411"]
[WhiteTeam "Poland"]
[BlackTeam "Estonia"]
[WhiteFideId "1134167"]
[BlackFideId "4500105"]
[EventDate "2019.10.24"]

1. d4 Nf6 2. c4 d6 3. Nf3 g6 4. g3 Bg7 5. Bg2 O-O 6. O-O Nc6 7. Nc3 e5 8. dxe5
Nxe5 9. Nxe5 dxe5 10. Qxd8 Rxd8 11. Bg5 Rd7 12. Rad1 c6 13. Na4 h6 14. Be3 Rxd1
15. Rxd1 Be6 16. b3 Nd7 17. h4 Bf8 18. Be4 f5 19. Bb1 Kf7 20. f3 b5 21. cxb5
cxb5 22. Nc3 a6 23. Nd5 Rc8 24. Kg2 a5 25. Bf2 Nf6 26. Nb6 Rc7 27. Bd3 a4 28.
Bxb5 axb3 29. axb3 Bxb3 30. Rd8 Be6 31. Rb8 Be7 32. Ba4 g5 33. hxg5 hxg5 34. Na8
Rc3 35. Nb6 Rc7 36. Na8 Rc3 37. Nb6 Rc7 38. Na8 1/2-1/2

[Event "22nd European Teams"]
[Site "Batumi GEO"]
[Date "2019.10.31"]
[Round "7.9"]
[Board "1"]
[White "Anton Guijarro, David"]
[Black "Georgiev, Kiril"]
[Result "1-0"]
[WhiteTitle "GM"]
[BlackTitle "GM"]
[WhiteElo "2674"]
[BlackElo "2577"]
[WhiteTeam "Spain"]
[BlackTeam "Republic of North Macedonia"]
[WhiteFideId "2285525"]
[BlackFideId "2900017"]
[EventDate "2019.10.24"]

1. c4 Nf6 2. Nf3 e6 3. g3 d5 4. Bg2 Be7 5. O-O O-O 6. b3 b6 7. cxd5 Nxd5 8. d4
Bb7 9. Bb2 Nd7 10. Re1 N5f6 11. Nc3 c5 12. e4 cxd4 13. Nxd4 Ne5 14. Qe2 Bc5 15.
Red1 Qe7 16. Na4 Ba3 17. Bxa3 Qxa3 18. f4 Nc6 19. Nb5 Qe7 20. e5 Nd5 21. Nd6
Rad8 22. Rac1 Ba8 23. Nc3 Nxc3 24. Rxc3 Nb4 25. Bxa8 Rxa8 26. f5 Nd5 27. f6 Nxf6
28. exf6 Qxf6 29. Rc7 Rad8 30. Kg2 e5 31. Nc4 Rxd1 32. Qxd1 b5 33. Ne3 e4 34.
Rc2 Rd8 35. Qg4 1-0

[Event "22nd European Teams"]
[Site "Batumi GEO"]
[Date "2019.10.31"]
[Round "7.9"]
[Board "2"]
[White "Nedev, Trajko"]
[Black "Vallejo Pons, Francisco"]
[Result "0-1"]
[WhiteTitle "GM"]
[BlackTitle "GM"]
[WhiteElo "2500"]
[BlackElo "2694"]
[WhiteTeam "Republic of North Macedonia"]
[BlackTeam "Spain"]
[WhiteFideId "15000605"]
[BlackFideId "2205530"]
[EventDate "2019.10.24"]

1. e4 c5 2. Nf3 Nc6 3. Bb5 e6 4. O-O Nge7 5. c3 a6 6. Ba4 b5 7. Bc2 Bb7 8. Re1
Rc8 9. a4 Ng6 10. Na3 b4 11. Nc4 Na5 12. Nxa5 Qxa5 13. cxb4 Qxb4 14. b3 Be7 15.
Bb2 O-O 16. h4 Bxh4 17. Nxh4 Nxh4 18. Bc3 Qb6 19. Qh5 Ng6 20. Re3 Qd8 21. Rh3 h6
22. Rg3 e5 23. Bxe5 Re8 24. Bxg7 Kxg7 25. e5 Rc6 26. f4 Qb6 27. Rf1 c4+ 28. Kh2
Qd4 29. bxc4 Qxc4 30. Bd3 Qd5 31. Rff3 Ree6 32. Rh3 Ne7 33. f5 Rxe5 34. Qg4+ Kf8
35. Rhg3 Ke8 36. Qg7 Kd8 37. Qf8+ Kc7 38. Rg7 Qd6 39. Kh3 Nxf5 0-1

[Event "22nd European Teams"]
[Site "Batumi GEO"]
[Date "2019.10.31"]
[Round "7.9"]
[Board "3"]
[White "Shirov, Alexei"]
[Black "Pancevski, Filip"]
[Result "0-1"]
[WhiteTitle "GM"]
[BlackTitle "IM"]
[WhiteElo "2664"]
[BlackElo "2490"]
[WhiteTeam "Spain"]
[BlackTeam "Republic of North Macedonia"]
[WhiteFideId "2209390"]
[BlackFideId "15002187"]
[EventDate "2019.10.24"]

1. e4 e5 2. Nf3 Nc6 3. Bb5 a6 4. Ba4 Nf6 5. O-O Be7 6. Re1 b5 7. Bb3 d6 8. c3
O-O 9. h3 Na5 10. Bc2 c5 11. d4 Qc7 12. d5 c4 13. b4 cxb3 14. axb3 Bd7 15. Ba3
Bd8 16. Nbd2 Nb7 17. c4 a5 18. Bd3 Nc5 19. Bxc5 Qxc5 20. b4 Qxb4 21. cxb5 a4 22.
Qe2 a3 23. Reb1 Qc5 24. Rc1 Qb4 25. Rcb1 Qc5 26. Nb3 Qa7 27. Nfd2 Bb6 28. Kf1
Qb8 29. Nc4 Bxb5 30. Nxa3 Bxd3 31. Qxd3 Nd7 32. Qb5 Nc5 33. Nd2 Bc7 34. Qxb8
Rfxb8 35. Nb5 Rxa1 36. Rxa1 Rxb5 0-1

[Event "22nd European Teams"]
[Site "Batumi GEO"]
[Date "2019.10.31"]
[Round "7.9"]
[Board "4"]
[White "Nikolovski, Nikola"]
[Black "Perez Candelario, Manuel"]
[Result "1-0"]
[WhiteTitle "IM"]
[BlackTitle "GM"]
[WhiteElo "2424"]
[BlackElo "2621"]
[WhiteTeam "Republic of North Macedonia"]
[BlackTeam "Spain"]
[WhiteFideId "15002314"]
[BlackFideId "2210622"]
[EventDate "2019.10.24"]

1. e4 c5 2. b3 d6 3. Bb2 Nf6 4. Nc3 Nc6 5. f4 a6 6. Nf3 e6 7. g3 b5 8. Bg2 Bb7
9. Qe2 Nd4 10. Nxd4 cxd4 11. Nd1 Qb6 12. c3 dxc3 13. Nxc3 Be7 14. d4 Rc8 15. Rd1
Qa5 16. Qe3 b4 17. Na4 Qb5 18. Bf1 Qh5 19. Bd3 O-O 20. Rd2 Qh3 21. Bf1 Qg4 22.
Bg2 Qg6 23. Re2 d5 24. f5 exf5 25. e5 Ne4 26. O-O Qe6 27. h4 a5 28. Bh3 g6 29.
Rg2 h5 30. Rf4 Rc6 31. Nc5 Nxc5 32. dxc5 Bxc5 33. Bd4 Bxd4 34. Qxd4 Re8 35. Re2
f6 36. Qa7 Qe7 37. exf6 Rc1+ 38. Bf1 Qxe2 39. Qxb7 Qe3+ 40. Kh2 Re7 41. fxe7 Kf7
42. Qxd5+ Kxe7 43. Rd4 Rc2+ 44. Kh3 1-0

[Event "22nd European Teams"]
[Site "Batumi GEO"]
[Date "2019.10.31"]
[Round "7.10"]
[Board "2"]
[White "L'Ami, Erwin"]
[Black "Hillarp Persson, Tiger"]
[Result "1/2-1/2"]
[WhiteTitle "GM"]
[BlackTitle "GM"]
[WhiteElo "2619"]
[BlackElo "2550"]
[WhiteTeam "Netherlands"]
[BlackTeam "Sweden"]
[WhiteFideId "1007998"]
[BlackFideId "1700812"]
[EventDate "2019.10.24"]

1. d4 Nf6 2. c4 g6 3. Nc3 Bg7 4. e4 d6 5. Be2 O-O 6. Be3 Na6 7. g4 c5 8. g5 Ng4
9. Bxg4 Bxg4 10. f3 Bh5 11. Qd2 Nb4 12. O-O-O cxd4 13. Bxd4 Bxd4 14. Qxd4 Qa5
15. Kb1 Qxg5 16. h4 Qc5 17. Qxc5 dxc5 18. Nd5 Nc6 19. Nf4 Rad8 20. Rf1 Ne5 21.
b3 Rd2 22. Nxh5 gxh5 23. Nh3 Rfd8 24. Nf4 R8d6 25. Rhg1+ Kf8 26. Rg5 f6 27. Rxh5
Ra6 28. Rxh7 Raxa2 29. Rd1 Rab2+ 30. Ka1 Ra2+ 31. Kb1 Rab2+ 32. Ka1 Ra2+ 1/2-1/2

[Event "22nd European Teams"]
[Site "Batumi GEO"]
[Date "2019.10.31"]
[Round "7.10"]
[Board "3"]
[White "Westerberg, Jonathan"]
[Black "Van Foreest, Jorden"]
[Result "1/2-1/2"]
[WhiteTitle "IM"]
[BlackTitle "GM"]
[WhiteElo "2546"]
[BlackElo "2621"]
[WhiteTeam "Sweden"]
[BlackTeam "Netherlands"]
[WhiteFideId "1701754"]
[BlackFideId "1039784"]
[EventDate "2019.10.24"]

1. d4 Nf6 2. c4 e6 3. Nf3 d5 4. Nc3 c6 5. Qd3 dxc4 6. Qxc4 b5 7. Qd3 a6 8. g3 c5
9. Bg2 Bb7 10. O-O Nbd7 11. Bg5 Be7 12. dxc5 Nxc5 13. Qxd8+ Rxd8 14. Rfd1 Rc8
15. Rac1 b4 16. Nb1 Nd5 17. Bxe7 Kxe7 18. Ne1 a5 19. Nd2 Ba6 20. Nc4 Bxc4 21.
Rxc4 Na4 22. Bxd5 exd5 23. Rxc8 Rxc8 24. Rxd5 Rc1 25. Kf1 Nxb2 26. Rxa5 Ra1 27.
Rb5 Nc4 28. f4 Ne3+ 29. Kf2 Ng4+ 30. Kf3 Nxh2+ 31. Kf2 Ng4+ 32. Kf3 h5 33. Rxh5
Rxe1 34. Kxg4 Rxe2 35. Rb5 Rxa2 36. Rxb4 Ra3 37. Rb7+ Kf6 38. Rb6+ Ke7 39. Rb7+ 1/2-1/2

[Event "22nd European Teams"]
[Site "Batumi GEO"]
[Date "2019.10.31"]
[Round "7.10"]
[Board "4"]
[White "Van den Doel, Erik"]
[Black "Blomqvist, Erik"]
[Result "1/2-1/2"]
[WhiteTitle "GM"]
[BlackTitle "GM"]
[WhiteElo "2603"]
[BlackElo "2523"]
[WhiteTeam "Netherlands"]
[BlackTeam "Sweden"]
[WhiteFideId "1003720"]
[BlackFideId "1709437"]
[EventDate "2019.10.24"]

1. e4 c5 2. Nf3 d6 3. d4 cxd4 4. Nxd4 Nf6 5. Nc3 Nc6 6. Bg5 e6 7. Qd2 a6 8.
O-O-O Bd7 9. f3 Nxd4 10. Qxd4 Be7 11. Kb1 b5 12. h4 Qc7 13. g4 O-O 14. Bd3 Rfc8
15. Ne2 1/2-1/2

[Event "22nd European Teams"]
[Site "Batumi GEO"]
[Date "2019.10.31"]
[Round "7.11"]
[Board "1"]
[White "Indjic, Aleksandar"]
[Black "Erdos, Viktor"]
[Result "1-0"]
[WhiteTitle "GM"]
[BlackTitle "GM"]
[WhiteElo "2638"]
[BlackElo "2604"]
[WhiteTeam "Serbia"]
[BlackTeam "Hungary"]
[WhiteFideId "911925"]
[BlackFideId "719978"]
[EventDate "2019.10.24"]

1. Nc3 Nf6 2. d4 d5 3. Bf4 a6 4. e3 b5 5. a3 e6 6. g4 b4 7. axb4 Bxb4 8. h4 c5
9. g5 Ne4 10. Ne2 Nc6 11. Bg2 cxd4 12. exd4 Nd6 13. Kf1 Nf5 14. Na4 O-O 15. Ng3
Nce7 16. Nxf5 Nxf5 17. Bh3 Re8 18. Bxf5 exf5 19. Qf3 Bd7 20. Kg2 Re4 21. c3 Bxa4
22. Rxa4 Bd6 23. Bxd6 Qxd6 24. Qxf5 g6 25. Qh3 Rae8 26. Rha1 Re2 27. Rxa6 Qf4
28. Rf6 Qe4+ 29. Kg3 Rxb2 30. Qd7 Rf8 31. Rf4 Qc2 32. Ra8 Qxc3+ 33. Kh2 Rxa8 34.
Qxf7+ Kh8 35. Qf6+ Kg8 36. Qe6+ Kg7 37. Rf7+ 1-0

[Event "22nd European Teams"]
[Site "Batumi GEO"]
[Date "2019.10.31"]
[Round "7.11"]
[Board "2"]
[White "Berkes, Ferenc"]
[Black "Sedlak, Nikola"]
[Result "1-0"]
[WhiteTitle "GM"]
[BlackTitle "GM"]
[WhiteElo "2667"]
[BlackElo "2557"]
[WhiteTeam "Hungary"]
[BlackTeam "Serbia"]
[WhiteFideId "718572"]
[BlackFideId "922900"]
[EventDate "2019.10.24"]

1. d4 a6 2. g3 Nf6 3. Bg2 c5 4. dxc5 Qa5+ 5. Nc3 Qxc5 6. Be3 Qa5 7. Nf3 g6 8.
Nd2 Qc7 9. Bg5 Bg7 10. Bxf6 exf6 11. Nd5 Qa5 12. O-O b5 13. a4 Ra7 14. Ne4 O-O
15. Nd6 Kh8 16. axb5 Qd8 17. Qd4 Rb7 18. bxa6 1-0

[Event "22nd European Teams"]
[Site "Batumi GEO"]
[Date "2019.10.31"]
[Round "7.11"]
[Board "3"]
[White "Zajic, Milan"]
[Black "Banusz, Tamas"]
[Result "1-0"]
[WhiteTitle "GM"]
[BlackTitle "GM"]
[WhiteElo "2477"]
[BlackElo "2619"]
[WhiteTeam "Serbia"]
[BlackTeam "Hungary"]
[WhiteFideId "912336"]
[BlackFideId "722413"]
[EventDate "2019.10.24"]

1. e4 e5 2. Nf3 Nc6 3. Bb5 g6 4. c3 a6 5. Ba4 Bg7 6. d4 b5 7. Bc2 exd4 8. cxd4
d6 9. d5 Na5 10. O-O Ne7 11. Re1 O-O 12. Nc3 h6 13. Rb1 Bb7 14. h4 c6 15. h5
cxd5 16. hxg6 fxg6 17. Nxd5 Rc8 18. b3 Nac6 19. Bb2 Bxb2 20. Rxb2 Ne5 21. Nxe5
dxe5 22. Qg4 Kg7 23. Bb1 Nc6 24. f4 Qd6 25. Rf2 Rce8 26. Rd1 h5 27. Qe2 exf4 28.
Nxf4 Qe5 29. Rd5 Qe7 30. Nxg6 Rxf2 31. Qxf2 Kxg6 32. Qf5+ 1-0